[Event "Championnat de France Universitaire 2017"]
[Site "Strasbourg"]
[Date "2017.01.22"]
[Round "9.4"]
[White "Israilov, Sardor"]
[Black "Veys, Vincent"]
[Result "0-1"]
[BlackElo "2364"]
[WhiteElo "1948"]
[LiveChessVersion "1.4.8"]

1. d4 {[%clk 0:15:09]} d5 {[%clk 0:14:57]} 2. Nf3 {[%clk 0:15:13]} Nf6
{[%clk 0:14:59]} 3. Bf4 {[%clk 0:15:16]} c5 {[%clk 0:15:02]} 4. c3
{[%clk 0:15:17]} Nc6 {[%clk 0:15:04]} 5. e3 {[%clk 0:15:10]} Qb6 {[%clk 0:15:06]}
6. Qc2 {[%clk 0:15:10]} e6 {[%clk 0:10:43]} 7. Nbd2 {[%clk 0:15:07]} Be7
{[%clk 0:10:24]} 8. Bd3 {[%clk 0:15:05]} h6 {[%clk 0:08:41]} 9. Ne5
{[%clk 0:14:16]} Nxe5 {[%clk 0:07:35]} 10. dxe5 {[%clk 0:12:41]} Nh5
{[%clk 0:07:21]} 11. Bg3 {[%clk 0:12:25]} Nxg3 {[%clk 0:07:24]} 12. hxg3
{[%clk 0:12:29]} Bd7 {[%clk 0:06:31]} 13. O-O-O {[%clk 0:11:08]} Qc7
{[%clk 0:06:22]} 14. f4 {[%clk 0:11:05]} Rc8 {[%clk 0:04:32]} 15. e4
{[%clk 0:10:10]} c4 {[%clk 0:04:02]} 16. Be2 {[%clk 0:10:12]} Qa5
{[%clk 0:04:05]} 17. exd5 {[%clk 0:08:22]} Ba4 {[%clk 0:04:00]} 18. Qe4
{[%clk 0:07:33]} Bxd1 {[%clk 0:04:00]} 19. Bxd1 {[%clk 0:04:44]} Qxd5
{[%clk 0:02:42]} 20. Qxd5 {[%clk 0:04:04]} exd5 {[%clk 0:02:44]} 21. Bf3
{[%clk 0:04:08]} Rd8 {[%clk 0:02:26]} 22. Rd1 {[%clk 0:04:07]} b5
{[%clk 0:01:28]} 23. Nf1 {[%clk 0:04:01]} Bc5 {[%clk 0:01:26]} 24. Bxd5
{[%clk 0:03:59]} Ke7 {[%clk 0:01:30]} 25. Kc2 {[%clk 0:03:38]} Rd7
{[%clk 0:01:19]} 26. Bc6 {[%clk 0:03:06]} Rxd1 {[%clk 0:01:22]} 27. Kxd1
{[%clk 0:03:09]} Rb8 {[%clk 0:01:01]} 28. Ke2 {[%clk 0:02:55]} b4
{[%clk 0:01:01]} 29. Kd2 {[%clk 0:02:48]} b3 {[%clk 0:00:47]} 30. axb3
{[%clk 0:02:29]} cxb3 {[%clk 0:00:47]} 31. Kd3 {[%clk 0:01:32]} Ba3
{[%clk 0:00:34]} 32. bxa3 {[%clk 0:01:30]} b2 {[%clk 0:00:38]} 33. Nd2
{[%clk 0:01:35]} Rd8+ {[%clk 0:00:39]} 34. Kc2 {[%clk 0:01:13]} Rxd2+
{[%clk 0:00:43]} 35. Kb1 {[%clk 0:01:16]} Rf2 {[%clk 0:00:41]} 36. c4
{[%clk 0:01:10]} g5 {[%clk 0:00:36]} 37. Bf3 {[%clk 0:01:03]} f6 {[%clk 0:00:28]}
38. exf6+ {[%clk 0:00:24]} Kxf6 {[%clk 0:00:31]} 39. c5 {[%clk 0:00:23]} Ke7
{[%clk 0:00:12]} 40. f5 {[%clk 0:00:23]} Rd2 {[%clk 0:00:13]} 41. g4
{[%clk 0:00:19]} Kd8 {[%clk 0:00:07]} 42. Be4 {[%clk 0:00:18]} Kc7
{[%clk 0:00:10]} 43. f6 {[%clk 0:00:18]} Rd8 {[%clk 0:00:13]} 44. f7
{[%clk 0:00:19]} Rb8 {[%clk 0:00:17]} 45. Bd5 {[%clk 0:00:14]} Rd8
{[%clk 0:00:20]} 46. Kxb2 {[%clk 0:00:16]} Rb8+ {[%clk 0:00:23]} 47. Kc3
{[%clk 0:00:20]} Rf8 {[%clk 0:00:23]} 48. Kd4 {[%clk 0:00:24]} Kd8
{[%clk 0:00:25]} 49. Ke5 {[%clk 0:00:28]} Ke7 {[%clk 0:00:29]} 50. Kf5
{[%clk 0:00:17]} Rd8 {[%clk 0:00:28]} 51. Ke5 {[%clk 0:00:18]} Rb8
{[%clk 0:00:25]} 52. c6 {[%clk 0:00:21]} Rb2 {[%clk 0:00:24]} 53. Kf5
{[%clk 0:00:18]} Re2 {[%clk 0:00:15]} 54. Kg6 {[%clk 0:00:19]} Kf8
{[%clk 0:00:15]} 55. Kxh6 {[%clk 0:00:18]} Rd2 {[%clk 0:00:19]} 56. Bb3
{[%clk 0:00:22]} Rd6+ {[%clk 0:00:22]} 57. Kxg5 {[%clk 0:00:23]} Rxc6
{[%clk 0:00:26]} 58. Kh5 {[%clk 0:00:23]} Kg7 {[%clk 0:00:29]} 59. a4
{[%clk 0:00:06]} Rc3 {[%clk 0:00:29]} 60. Be6 {[%clk 0:00:06]} Ra3
{[%clk 0:00:26]} 0-1

[Event "Championnat de France Universitaire 2017"]
[Site "Strasbourg"]
[Date "2017.01.22"]
[Round "10.1"]
[White "Sochacki, Wojtek"]
[Black "Villegas, Pierre"]
[Result "1-0"]
[BlackElo "2363"]
[WhiteElo "2347"]
[LiveChessVersion "1.4.8"]

1. Nf3 {[%clk 0:03:02]} d5 {[%clk 0:03:03]} 2. g3 {[%clk 0:03:03]} Nf6
{[%clk 0:03:03]} 3. Bg2 {[%clk 0:03:04]} c5 {[%clk 0:03:01]} 4. O-O
{[%clk 0:03:04]} Nc6 {[%clk 0:03:00]} 5. d4 {[%clk 0:02:48]} cxd4
{[%clk 0:02:31]} 6. Nxd4 {[%clk 0:02:49]} e5 {[%clk 0:02:32]} 7. Nxc6
{[%clk 0:02:49]} bxc6 {[%clk 0:02:33]} 8. c4 {[%clk 0:02:46]} Be6
{[%clk 0:02:26]} 9. Nc3 {[%clk 0:02:33]} Qd7 {[%clk 0:02:20]} 10. cxd5
{[%clk 0:02:16]} cxd5 {[%clk 0:02:20]} 11. Bg5 {[%clk 0:02:17]} Rd8
{[%clk 0:02:02]} 12. Bxf6 {[%clk 0:01:16]} gxf6 {[%clk 0:02:03]} 13. e4
{[%clk 0:01:18]} d4 {[%clk 0:01:40]} 14. Nd5 {[%clk 0:01:19]} Bxd5
{[%clk 0:01:31]} 15. exd5 {[%clk 0:01:20]} Bd6 {[%clk 0:01:20]} 16. Qh5
{[%clk 0:01:20]} Ke7 {[%clk 0:01:02]} 17. Rac1 {[%clk 0:01:20]} Qb5
{[%clk 0:00:45]} 18. Qf5 {[%clk 0:01:10]} Qd7 {[%clk 0:00:37]} 19. Qe4
{[%clk 0:01:00]} Rc8 {[%clk 0:00:34]} 20. Rc6 {[%clk 0:01:00]} Rxc6
{[%clk 0:00:18]} 21. dxc6 {[%clk 0:01:01]} Qe6 {[%clk 0:00:10]} 22. Rc1
{[%clk 0:01:01]} f5 {[%clk 0:00:09]} 23. Qh4+ {[%clk 0:00:57]} f6
{[%clk 0:00:07]} 24. Qh5 {[%clk 0:00:47]} d3 {[%clk 0:00:04]} 25. Qh6
{[%clk 0:00:32]} Rd8 {[%clk 0:00:03]} 26. Qxh7+ {[%clk 0:00:30]} Qf7
{[%clk 0:00:04]} 27. Qxf5 {[%clk 0:00:30]} d2 {[%clk 0:00:05]} 28. Rd1
{[%clk 0:00:31]} Bc5 {[%clk 0:00:05]} 29. c7 {[%clk 0:00:29]} 1-0

[Event "Championnat de France Universitaire 2017"]
[Site "Strasbourg"]
[Date "2017.01.22"]
[Round "11.1"]
[White "Villegas, Pierre"]
[Black "Sochacki, Wojtek"]
[Result "0-1"]
[BlackElo "2347"]
[WhiteElo "2363"]
[LiveChessVersion "1.4.8"]

1. d4 {[%clk 0:03:02]} d5 {[%clk 0:03:02]} 2. c4 {[%clk 0:03:03]} c6
{[%clk 0:03:03]} 3. Nf3 {[%clk 0:03:05]} Nf6 4. e3 Bg4 {[%clk 0:02:59]} 5. h3
{[%clk 0:03:06]} Bf5 {[%clk 0:02:52]} 6. g4 {[%clk 0:03:07]} Be4 {[%clk 0:02:45]}
7. Nc3 {[%clk 0:02:52]} h6 {[%clk 0:02:43]} 8. Nxe4 {[%clk 0:02:37]} Nxe4
{[%clk 0:02:43]} 9. Bd3 {[%clk 0:02:11]} Nf6 {[%clk 0:02:30]} 10. Qc2
{[%clk 0:01:54]} e6 {[%clk 0:02:27]} 11. Bd2 {[%clk 0:01:55]} Nbd7
{[%clk 0:02:14]} 12. O-O-O {[%clk 0:01:54]} dxc4 {[%clk 0:01:57]} 13. Bxc4
{[%clk 0:01:52]} Nb6 {[%clk 0:01:58]} 14. Bd3 {[%clk 0:01:44]} Qd5
{[%clk 0:01:59]} 15. Ne5 {[%clk 0:01:32]} Qxa2 {[%clk 0:01:59]} 16. Bc3
{[%clk 0:01:23]} Nfd5 {[%clk 0:01:25]} 17. Bg6 {[%clk 0:01:09]} fxg6
{[%clk 0:00:55]} 18. Qxg6+ {[%clk 0:01:10]} Ke7 {[%clk 0:00:55]} 19. Qf7+ Kd8 20.
Qxb7 {[%clk 0:00:56]} Nxc3 {[%clk 0:00:44]} 21. Nf7+ {[%clk 0:00:23]} Ke8
{[%clk 0:00:42]} 22. Nxh8 {[%clk 0:00:23]} Qb1+ {[%clk 0:00:32]} 23. Kd2
{[%clk 0:00:25]} Qxb2+ {[%clk 0:00:33]} 24. Kd3 {[%clk 0:00:26]} Qb5+
{[%clk 0:00:22]} 25. Kc2 {[%clk 0:00:22]} Ncd5 {[%clk 0:00:18]} 26. Qf7+
{[%clk 0:00:21]} Kd8 {[%clk 0:00:20]} 27. Qxf8+ {[%clk 0:00:22]} Kd7
{[%clk 0:00:19]} 28. Qxg7+ {[%clk 0:00:23]} Ne7 {[%clk 0:00:18]} 29. Ng6
{[%clk 0:00:16]} Nbd5 {[%clk 0:00:14]} 30. Nxe7 {[%clk 0:00:13]} Nxe7
{[%clk 0:00:15]} 31. Qe5 {[%clk 0:00:13]} Nd5 {[%clk 0:00:15]} 32. Rb1
{[%clk 0:00:12]} Qe2+ {[%clk 0:00:16]} 33. Kb3 {[%clk 0:00:10]} Qd3+
{[%clk 0:00:13]} 34. Ka2 {[%clk 0:00:09]} Qc2+ {[%clk 0:00:08]} 35. Rb2
{[%clk 0:00:07]} Nc3+ {[%clk 0:00:09]} 36. Ka1 {[%clk 0:00:05]} Qa4+
{[%clk 0:00:09]} 37. Ra2 {[%clk 0:00:06]} Qxa2# {[%clk 0:00:09]} 0-1